[Event "93rd ARG-ch 2018"]
[Site "Laprida"]
[Date "2018.07.18"]
[Round "2"]
[White "Lujan, Carolina"]
[Black "Gomez, Carlos David"]
[Result "0-1"]
[WhiteElo "2329"]
[BlackElo "2356"]
[Annotator "TA"]
[PlyCount "80"]
[EventDate "2018.07.17"]
[EventType "tourn"]
[EventCountry "ARG"]
[SourceTitle "playchess.com"]
[Source "ChessBase"]
[SourceQuality "1"]

{[%evp 28,80,0,0,0,0,21,0,18,-9,-16,-16,157,6,1,-13,-10,-18,-29,-15,15,31,35,-65,132,129,308,304,323,308,292,224,226,201,221,16,21,10,13,0,0,0,0,0,0,0,0,0,0,0,0,-980,-985,-12841,-1784]} 1. e4 c5 2. Nf3 Nc6 3. d4 cxd4 4. Nxd4 e5 5. Nb5 d6 6. N1c3 a6 7. Na3 b5 8. Nd5 Nf6 9. Bg5 Be7 10. Bxf6 Bxf6 11. c3 O-O 12. Nc2 Rb8 13. Be2 Bg5 14. Qd3 Ne7 {B33: Sicilian: Pelikan and Sveshnikov Variations} 15. Ncb4 {LiveBook: 3 Games} Nxd5 16. Nxd5 {[#]} g6 $146 {The position is equal.} ({Predecessor:} 16... Be6 17. O-O a5 18. Rad1 f5 19. Bf3 Qc8 20. b3 f4 21. h3 Qd7 22. Rd2 {½-½ (73) Vayser,V (2580)-Nekhaev,A (2528) ICCF email 2009}) 17. Rd1 Kh8 18. h4 Bxh4 19. Nb4 f5 $2 (19... Qf6 $11 20. g3 Bg5) 20. g3 $2 (20. Qxd6 $16 Qxd6 21. Rxd6) 20... Bg5 $1 $11 21. Nc6 fxe4 22. Qxd6 Qxd6 23. Rxd6 Rb6 {[#] Threatens to win with ...Kg7.} 24. Rxg6 $1 Bf6 25. Nxe5 (25. Ne7 $14) 25... Re6 $2 (25... Rd6 $1 $15 {stays ahead.} 26. Rhh6 Bf5 27. Rxf6 Rdxf6 28. Rxf6 Rxf6) 26. Rhh6 $16 e3 $2 (26... a5 $16 27. a3 b4) 27. f4 $18 (27. fxe3 Bxe5 28. Rxe6 Bxe6 $16) 27... Rd6 28. Bd3 {[#] Black must now prevent Rxh7+!} Bxe5 29. Rxd6 Bxd6 30. Rxd6 {[%mdl 4096] Endgame KRB-KRB} Rg8 31. Rc6 $2 (31. Be4 $18) 31... Bh3 $1 $11 32. Rxa6 {And now Bf1 would win.} Rxg3 33. Ra8+ Kg7 34. Ra7+ Kf6 35. Ra6+ ({Not} 35. Bxh7 $2 Bg4 $19) 35... Ke7 36. Ra7+ ({Don't blunder} 36. Bxh7 $2 Bg4 $19) 36... Kd6 37. Ra6+ (37. Bxh7 $2 Bg4 $19) 37... Kd5 38. Rh6 ({Wrong is} 38. Bxh7 $2 Bg4 $19) 38... Bg4 {( -> ...Rg1+)} 39. Rh1 $2 {[%mdl 8192]} (39. Kf1 $11) 39... Rg2 $19 40. b3 Rd2 {Precision: White = 28%, Black = 35%.} (40... Rxa2 $142 41. Kf1 Bf3) 0-1

[Event "93rd ARG-ch 2018"]
[Site "Laprida"]
[Date "2018.07.19"]
[Round "3"]
[White "Peralta, Fernando"]
[Black "Real De Azua, Ernesto"]
[Result "1-0"]
[WhiteElo "2563"]
[BlackElo "2496"]
[Annotator "TA"]
[PlyCount "55"]
[EventDate "2018.07.17"]
[EventType "tourn"]
[EventCountry "ARG"]
[SourceTitle "playchess.com"]
[Source "ChessBase"]
[SourceQuality "1"]

{[%evp 9,55,29,43,43,35,33,34,37,39,41,44,42,63,52,73,74,78,72,177,182,135,114,137,125,191,170,172,162,166,166,211,174,213,210,210,205,205,220,220,202,210,212,210,206,315,339,3142,2693]} 1. d4 Nf6 2. c4 e6 3. Nf3 Bb4+ 4. Nbd2 d6 5. e3 c5 {LiveBook: 4 Games} 6. Bd3 {E11: Bogo-Indian} Nc6 7. O-O Ba5 $146 ({Predecessor:} 7... O-O 8. Nb3 Na5 9. Nxc5 dxc5 10. a3 Nc6 11. axb4 Nxb4 12. Bb1 Nd7 {1-0 (41) Wang,Y (2737)-Winants,L (2558) Baku 2016}) 8. a3 {White is slightly better.} O-O 9. Qc2 h6 10. b3 {[%cal Bb2b3,Bb3b4][%mdl 32]} Bxd2 11. Bxd2 ({But not} 11. Nxd2 $6 cxd4 12. Nf3 dxe3 $15) 11... e5 {[%cal Re5d4]} 12. d5 Ne7 13. Bc3 Qe8 {[#]} (13... Nd7 $16 {might work better.}) 14. Nd2 $1 $18 Ng6 15. b4 b6 16. Rae1 Nh7 (16... cxb4 $16 17. Bxb4 (17. axb4 b5 $16) 17... Qe7) 17. f4 f5 18. fxe5 Nxe5 19. Bxf5 Nf6 20. e4 Qe7 21. bxc5 bxc5 22. Bxe5 Qxe5 23. Nf3 {[%cal Bd2f3,Bf3e5,Be5g4][%mdl 32]} Qe7 24. Bxc8 Raxc8 25. e5 dxe5 26. Nxe5 Qd6 (26... Rce8 $142 27. Qg6 Nd7) 27. Qg6 Rc7 $2 {[#]} (27... h5 28. Re3 Rc7) 28. Ng4 {Precision: White = 88%, Black = 31%.} 1-0

[Event "93rd ARG-ch 2018"]
[Site "Laprida"]
[Date "2018.07.19"]
[Round "3"]
[White "Perez Ponsa, Federico"]
[Black "Pichot, Alan"]
[Result "1-0"]
[WhiteElo "2547"]
[BlackElo "2564"]
[Annotator "TA"]
[PlyCount "67"]
[EventDate "2018.07.17"]
[EventType "tourn"]
[EventCountry "ARG"]
[SourceTitle "playchess.com"]
[Source "ChessBase"]
[SourceQuality "1"]

{[%evp 30,67,25,25,27,15,18,11,29,16,18,24,31,31,41,32,58,20,20,18,21,13,25,2,3,0,0,0,0,0,0,0,0,0,200,194,385,387,781,752]} 1. e4 c5 2. Nf3 Nc6 3. d4 cxd4 4. Nxd4 Nf6 5. Nc3 e5 6. Ndb5 d6 7. Bg5 a6 8. Na3 b5 9. Nd5 Be7 10. Bxf6 Bxf6 11. c4 b4 {B33: Sicilian: Pelikan and Sveshnikov Variations} 12. Nc2 O-O 13. g3 Bg5 (13... Rb8 14. b3 Be6 15. h4 Rb7 16. Rc1 a5 17. Bh3 Bxd5 18. cxd5 Na7 19. Bf1 {1-0 (78) Morozevich,A (2665)-Dubov,D (2701) Moscow 2018}) 14. Bg2 Qa5 15. O-O Qc5 16. b3 {LiveBook: 26 Games} a5 {[#]} 17. Qh5 $146 ({Predecessor:} 17. Qe2 Bd8 18. Kh1 Be6 19. Rad1 {½-½ (44) Murray,T (2554)-Fleetwood,D (2583) ICCF email 2014}) 17... Bd8 18. Rad1 a4 19. Rd3 axb3 20. axb3 Ra2 21. Qd1 Be6 22. Kh1 Qa7 23. Nde3 Bb6 24. Rxd6 Bxe3 $1 25. fxe3 Ra6 26. Qd2 Qc5 27. Rd5 Bxd5 28. exd5 Na5 $1 {[%cal Ra5b3]} 29. Qxb4 Qxb4 30. Nxb4 Rb6 31. Nc6 $1 {[%cal Rc6a5]} Nxc6 $2 (31... Nxb3 $11 {and Black has nothing to worry.} 32. Rb1 (32. Nxe5 Re8 $15) 32... Ra6) 32. dxc6 $18 {[%cal Bd5c6,Bc6c7][%mdl 32]} Rxb3 $2 {[#]} (32... e4 {was necessary.}) 33. c7 $1 Rc3 $2 (33... e4 34. Bh3 (34. Bxe4 Rxe3 35. Bb7 Ree8 $16) 34... Re8) 34. Bd5 {Precision: White = 76%, Black = 45%.} 1-0

[Event "93rd ARG-ch 2018"]
[Site "Laprida"]
[Date "2018.07.19"]
[Round "3"]
[White "Villanueva, Mario"]
[Black "Lorenzini, Martin"]
[Result "1/2-1/2"]
[WhiteElo "2481"]
[BlackElo "2423"]
[Annotator "TA"]
[PlyCount "43"]
[EventDate "2018.07.17"]
[EventType "tourn"]
[EventCountry "ARG"]
[SourceTitle "playchess.com"]
[Source "ChessBase"]
[SourceQuality "1"]

{[%evp 23,43,11,14,14,17,0,0,0,0,0,0,-4,0,0,0,-2,0,0,0,0,0,0]} 1. e4 e5 2. Nf3 Nc6 3. Bb5 Nf6 4. O-O Nxe4 5. Re1 Nd6 6. Nxe5 Nxe5 7. Rxe5+ Be7 8. Bf1 O-O 9. d4 Bf6 10. Re1 Re8 {C67: Spanische Partie (Berliner Verteidigung)} (10... Nf5 11. d5 Re8 12. Rxe8+ Qxe8 13. Qd3 d6 14. Nd2 Bg5 15. Nf3 Bxc1 16. Rxc1 Bd7 17. Re1 Qd8 18. Qc4 {1-0 (31) Carlsen,M (2843)-Aronian,L (2764) Stavanger 2018}) 11. Bf4 Rxe1 12. Qxe1 Ne8 {LiveBook: 45 Partien. Die Stellung ist ausgeglichen.} 13. Qe3 d5 14. Bd3 g6 15. Nd2 Ng7 16. Re1 Bf5 17. Nf3 Bxd3 18. Qxd3 c6 19. c3 {[#]} Qb6 $146 20. Qd2 Re8 21. Be5 Qd8 22. Qf4 {Precision: Weiß = 81%, Schwarz = 97%.} 1/2-1/2

[Event "93rd ARG-ch 2018"]
[Site "Laprida"]
[Date "2018.07.19"]
[Round "3"]
[White "Acosta, Pablo Ismael"]
[Black "Slipak, Sergio"]
[Result "1/2-1/2"]
[WhiteElo "2432"]
[BlackElo "2411"]
[Annotator "TA"]
[PlyCount "30"]
[EventDate "2018.07.17"]
[EventType "tourn"]
[EventCountry "ARG"]
[SourceTitle "playchess.com"]
[Source "ChessBase"]
[SourceQuality "1"]

{[%evp 21,30,0,0,-25,-35,-35,-13,-8,0,0,-14]} 1. c4 e6 2. Nf3 Nf6 3. g3 d5 4. Bg2 Be7 5. O-O O-O 6. b3 c5 7. Bb2 Nc6 8. e3 d4 9. exd4 cxd4 10. Re1 Ng4 {A14: English Opening: 1...e6 with b3 by White} (10... Ne8 11. Ne5 Nxe5 12. Rxe5 f6 13. Re1 e5 14. Ba3 Bxa3 15. Nxa3 Rb8 16. b4 Nc7 17. d3 b6 18. Qa4 a6 {½-½ (56) Petrosian,T (2609)-Eljanov,P (2700) Sharjah 2018}) 11. d3 f6 {LiveBook: 3 Games} 12. Nh4 $146 ({Predecessor:} 12. a3 a5 13. Bc1 Qe8 14. Ra2 Kh8 15. Rae2 Qh5 16. h3 Nh6 17. g4 Qf7 18. Nbd2 {1-0 (54) Arutinian,D (2527)-Smirnov,P (2589) Yerevan 2017}) 12... e5 13. Ba3 Kh8 14. Bxe7 Qxe7 15. Nd2 a5 1/2-1/2

[Event "93rd ARG-ch 2018"]
[Site "Laprida"]
[Date "2018.07.19"]
[Round "3"]
[White "Pierrot, Facundo"]
[Black "Lujan, Carolina"]
[Result "1/2-1/2"]
[WhiteElo "2389"]
[BlackElo "2329"]
[Annotator "TA"]
[PlyCount "22"]
[EventDate "2018.07.17"]
[EventType "tourn"]
[EventCountry "ARG"]
[SourceTitle "playchess.com"]
[Source "ChessBase"]
[SourceQuality "1"]

{[%evp 16,22,20,15,28,16,16,22,57]} 1. e4 c5 2. Nf3 Nc6 3. Bb5 e6 4. O-O Nge7 5. c3 d5 6. exd5 Nxd5 7. d4 cxd4 8. Nxd4 Bd7 9. Nxc6 {LiveBook: 4 Games. B30: Sicilian: 2...Nc6 3 Bb5, lines without ...g6} bxc6 10. Bd3 Qc7 11. Nd2 Bd6 $146 ({Predecessor:} 11... Nf4 12. Nc4 Rd8 13. Bc2 c5 14. Qg4 Nd5 15. Re1 Nf6 16. Qh4 Be7 {1-0 (42) Rowson,J (2527)-Kuljasevic,D (2297) Pula 2002}) 1/2-1/2

[Event "93rd ARG-ch 2018"]
[Site "Laprida"]
[Date "2018.07.19"]
[Round "3"]
[White "Benedetti, Julio"]
[Black "Paveto, Kevin"]
[Result "0-1"]
[WhiteElo "2364"]
[BlackElo "2416"]
[Annotator "TA"]
[PlyCount "86"]
[EventDate "2018.07.17"]
[EventType "tourn"]
[EventCountry "ARG"]
[SourceTitle "playchess.com"]
[Source "ChessBase"]
[SourceQuality "1"]

{[%evp 12,86,20,-3,-3,-27,-27,-17,-18,-30,-3,-25,10,0,0,-45,0,-93,-77,-87,-68,-75,-84,-87,-82,-83,-86,-90,-80,-105,-85,-173,-173,-262,-268,-260,-255,-278,-272,-282,-282,-281,-282,-282,-282,-285,-270,-270,-270,-322,-333,-385,-383,-385,-385,-534,-546,-539,-441,-535,-319,-526,-505,-514,-475,-624,-581,-624,-618,-1059,-1033,-1130,-1152,-1140,-1005,-5152,-5152]} 1. e4 e5 2. Nf3 Nc6 3. Bc4 Bc5 4. d3 Nf6 5. Nc3 a6 6. O-O {C50: Hungarian Defence and Giuoco Pianissimo} (6. Nd5 Nxd5 7. Bxd5 d6 8. Be3 Bxe3 9. fxe3 O-O 10. O-O Nb8 11. b4 Nd7 12. Qd2 c6 13. Bb3 a5 {1-0 (37) Kramnik,V (2800)-Aronian,L (2794) Berlin 2018}) 6... d6 7. h3 {LiveBook: 6 Games} Na5 8. Re1 {The position is equal.} (8. Bb3 {with more complications.} O-O 9. Re1 Re8 10. Qe2 b5 11. Be3) 8... Nxc4 9. dxc4 h6 $146 ({Predecessor:} 9... Be6 10. b3 Qd7 11. Be3 Bb4 12. Bd2 h6 13. a3 Bc5 14. Be3 Bxe3 15. Rxe3 {0-1 (32) Chiang,J (1982)-Kavutskiy,K (2281) Los Angeles 2012}) 10. Rb1 Be6 11. Qd3 Qd7 12. b4 Ba7 13. c5 (13. a4 {looks sharper.} O-O 14. a5 Rfe8 15. Nd5 Nh5 16. Nh4) 13... dxc5 (13... O-O {keeps more tension.} 14. Be3 Rfd8 15. b5 dxc5 16. bxa6 bxa6 17. Nxe5 Qe8) 14. Nd5 (14. bxc5 $11 Bxc5 15. Nd5) 14... Nxd5 $17 ({Of course not} 14... Bxd5 $6 15. Nxe5 Qd6 16. exd5 $11) 15. exd5 Qxd5 16. Qxd5 Bxd5 17. Rxe5+ Be6 18. Be3 O-O-O 19. a3 Bd5 20. Ne1 Rd7 21. Nd3 (21. Bxc5 $17 Bxc5 22. bxc5) 21... f6 $19 22. Rxd5 (22. Rf5 {was necessary.}) 22... Rxd5 23. bxc5 c6 24. Kf1 Re8 25. Rb4 g5 26. g3 Bb8 27. Kg2 Bc7 28. Kf3 f5 29. Rc4 Bd8 30. h4 Bf6 31. h5 g4+ 32. Kg2 Bg5 33. Bd4 Re4 34. c3 a5 35. Ra4 Bd8 36. Kf1 $2 {[#]} (36. Nb2 {was called for.}) 36... Bc7 {Black is clearly winning.} 37. Kg2 Kb8 38. Nb2 f4 39. gxf4 Bxf4 40. Rxa5 Rxh5 {[#] ( -> ...Rh2+)} 41. Nd3 Bc7 42. Ra4 Rh3 43. f3 Rg3+ {Precision: White = 24%, Black = 81%.} 0-1

[Event "93rd ARG-ch 2018"]
[Site "Laprida"]
[Date "2018.07.19"]
[Round "3"]
[White "Gomez, Carlos David"]
[Black "Sosa, Tomas"]
[Result "1/2-1/2"]
[WhiteElo "2356"]
[BlackElo "2467"]
[Annotator "TA"]
[PlyCount "35"]
[EventDate "2018.07.17"]
[EventType "tourn"]
[EventCountry "ARG"]
[SourceTitle "playchess.com"]
[Source "ChessBase"]
[SourceQuality "1"]

{[%evp 25,35,-3,2,-3,-3,-8,-3,-8,-5,-9,0,-24]} 1. e4 e5 2. Nf3 Nc6 3. d4 exd4 4. Bc4 Nf6 5. O-O Nxe4 6. Re1 d5 7. Bxd5 Qxd5 8. Nc3 Qh5 9. Nxe4 Be6 10. Bg5 Bd6 11. Nxd6+ cxd6 12. Bf4 Qd5 13. c3 {C56: Two Knights: 4 d4 exd4 5 0-0 Nxe4} Rc8 {LiveBook: 12 Games. The position is equal.} (13... O-O 14. Nxd4 Nxd4 15. Qxd4 Qxd4 16. cxd4 d5 17. Rac1 Rfc8 18. Rxc8+ Rxc8 19. Rc1 Rxc1+ 20. Bxc1 f6 21. Bf4 a6 22. a3 Bd7 23. Bd2 Bc6 24. Bc3 Bd7 25. Bd2 Bc6 26. Bc3 Bd7 27. Bd2 {½-½ (27) Wei,Y (2743)-Wen,Y (2605) Shenzhen 2017}) 14. Qd2 O-O 15. Nxd4 Nxd4 16. Qxd4 Qxd4 17. cxd4 d5 18. Rec1 $146 ({Predecessor:} 18. Rac1 Rxc1 19. Rxc1 Rc8 20. Kf1 Rxc1+ 21. Bxc1 {½-½ (35) Szydelko,M (1952)-Kowalec,M (1903) Szczyrk 2014}) 1/2-1/2

[Event "93rd ARG-ch 2018"]
[Site "Laprida"]
[Date "2018.07.20"]
[Round "4"]
[White "Real De Azua, Ernesto"]
[Black "Villanueva, Mario"]
[Result "1/2-1/2"]
[WhiteElo "2496"]
[BlackElo "2481"]
[Annotator "TA"]
[PlyCount "41"]
[EventDate "2018.07.17"]
[EventType "tourn"]
[EventCountry "ARG"]
[SourceTitle "playchess.com"]
[Source "ChessBase"]
[SourceQuality "1"]

{[%evp 16,17,10,12]} 1. d4 d5 2. c4 e6 3. Nf3 Nf6 4. e3 b6 5. Nc3 Bd6 6. b3 O-O 7. Bd3 Bb7 8. O-O Nbd7 9. Bb2 {LiveBook: 396 Games} {Predecessor:} a6 $146 10. Rc1 Qe7 11. cxd5 exd5 12. Ne2 Ne4 13. Qc2 Rac8 14. Ng3 g6 15. Qe2 h5 16. Ne5 Nxe5 17. dxe5 Bxe5 18. Bxe5 Qxe5 19. Nxe4 dxe4 20. Bxa6 Bxa6 21. Qxa6 {½-½ (57) Harikrishna,P (2732)-Navara,D (2727) Prague 2018} 1/2-1/2

[Event "93rd ARG-ch 2018"]
[Site "Laprida"]
[Date "2018.07.20"]
[Round "4"]
[White "Sosa, Tomas"]
[Black "Pierrot, Facundo"]
[Result "1-0"]
[WhiteElo "2467"]
[BlackElo "2389"]
[Annotator "TA"]
[PlyCount "85"]
[EventDate "2018.07.17"]
[EventType "tourn"]
[EventCountry "ARG"]
[SourceTitle "playchess.com"]
[Source "ChessBase"]
[SourceQuality "1"]

{[%evp 17,85,7,17,-35,-43,-54,8,-62,8,10,28,20,11,17,37,39,47,36,62,35,28,-125,-112,-119,-126,-103,0,0,0,0,0,0,0,0,0,4,103,37,37,29,29,20,33,21,106,100,182,182,369,382,386,375,368,301,350,282,277,245,358,366,343,319,315,302,437,410,1210,1210,1012,1012]} 1. e4 e5 2. Nf3 Nf6 3. d4 Nxe4 4. Bd3 d5 5. dxe5 Nc5 6. Be2 {C43: Petroff Defence: 3 d4} (6. O-O c6 7. Be3 Nxd3 8. Qxd3 Be7 9. c4 dxc4 10. Qxc4 O-O 11. Nc3 Be6 12. Qf4 Nd7 13. Qg3 Kh8 14. Rad1 {0-1 (35) Predke,A (2601)-Fedoseev,V (2718) Moscow 2017}) 6... Be7 7. O-O O-O 8. Be3 c6 9. c4 dxc4 {LiveBook: 23 Games} 10. Qc2 (10. Bxc4 $11 Nbd7 11. Nc3) 10... b5 $15 {[%cal Bb7b5,Bb5b4][%mdl 32]} 11. b3 a5 $146 (11... cxb3 $15 12. axb3 Nba6) ({Predecessor:} 11... cxb3 12. axb3 Nba6 13. Qc3 Be6 {1-0 (40) Lobanov,S (2239)-Ozen,D (1896) Al Ain 2013}) 12. Nc3 (12. Nbd2 $11) 12... Nba6 (12... cxb3 $1 $15 13. axb3 Nba6) 13. bxc4 $11 b4 14. Rad1 Qc7 15. Ne4 Nxe4 16. Qxe4 Re8 17. Nd4 Bc5 18. Nb5 (18. Nxc6 Bb7 $17) 18... Qe7 $1 19. Nd6 $2 (19. Bf3 $11 cxb5 20. Qxa8 bxc4 21. Bxc5 Nxc5 22. Qxa5) 19... Bxd6 $1 $17 20. Qxc6 Bb8 $1 {Hoping for ...Bb7.} 21. Bf3 {[#]} (21. Qxa8 $2 Bb7 $19) 21... Nc7 (21... Qxe5 $6 22. g3 $14) (21... Ra7 $1 $17 22. Bxa7 Bxa7) 22. Qd6 $36 {[%mdl 2048] White has some pressure.} Ra6 23. Qxe7 Rxe7 24. Rd8+ Re8 25. Rfd1 {Strongly threatening Rxe8+.} Rae6 {...Rxd8 is the strong threat.} 26. Bg4 Rxe5 (26... f5 $1 $11 27. Bxf5 Kf7) 27. Bxc8 ({White should play} 27. Rxc8 $16 h6 28. g3) 27... Rxd8 $14 28. Rxd8+ Re8 29. Rxe8+ Nxe8 $11 {[%mdl 4096] Endgame KBB-KBN} 30. Bd7 Kf8 {[#]} (30... Nd6 $11) 31. Bb6 $1 $16 Bc7 (31... Nf6 $16 {might work better.}) 32. c5 $18 {And now Bxe8 would win.} Bxb6 $2 (32... Be5 33. Bxa5 Nc7 34. Bxb4 Ke7) 33. cxb6 {KB-KN} Nd6 34. Bc6 Ke7 35. b7 Nxb7 36. Bxb7 {KB-KP} Kd6 37. Be4 Ke5 (37... a4 {is a better defense.} 38. Kf1 Ke5) 38. Bc2 ({And not} 38. Bxh7 g6 $11) 38... Kd4 39. Kf1 ({Weaker is} 39. Bxh7 a4 $18) 39... Kc3 40. Bb3 ({Worse is} 40. Bxh7 Kb2 $15) 40... f6 (40... Kd2 $142 41. f4 Ke3 42. Bxf7 Kxf4) 41. Ke2 Kb2 (41... Kd4 $142 42. g3 Kc3) 42. Kd3 Ka3 43. Kc2 {Precision: White = 64%, Black = 32%.} 1-0

[Event "93rd ARG-ch 2018"]
[Site "Laprida"]
[Date "2018.07.20"]
[Round "4"]
[White "Lorenzini, Martin"]
[Black "Acosta, Pablo Ismael"]
[Result "0-1"]
[WhiteElo "2423"]
[BlackElo "2432"]
[Annotator "TA"]
[PlyCount "152"]
[EventDate "2018.07.17"]
[EventType "tourn"]
[EventCountry "ARG"]
[SourceTitle "playchess.com"]
[Source "ChessBase"]
[SourceQuality "1"]

{[%evp 16,152,17,4,14,0,0,0,0,0,0,0,0,0,110,106,128,127,127,128,138,141,174,178,372,378,352,235,251,243,266,245,463,463,444,434,394,275,379,249,231,233,245,234,416,408,353,345,343,341,356,329,408,373,539,539,504,483,750,674,595,236,296,11,31,-17,0,-49,-56,-61,-57,-73,-20,-97,-91,-104,-23,-141,-140,-139,-139,-158,-148,-175,-181,-185,-44,-209,-91,-60,0,0,0,0,0,0,0,0,0,0,0,0,0,-269,-264,-364,-328,-717,-662,-1071,-1004,-29977,-562,-554,-531,-524,-524,-868,-857,-852,-851,-752,-610,-723,-693,-615,-558,-5685,-5296,-29969,-29971,-29971,-29972,-29964,-29965,-29965,-29971,-29971,-29972]} 1. e4 c5 2. c3 d5 3. exd5 Qxd5 4. d4 Nf6 5. Nf3 e6 6. Na3 Nc6 7. Be3 cxd4 {B22: Sicilian: 2 c3} 8. Nb5 Qd8 9. Nbxd4 {LiveBook: 86 Games} Qc7 {The position is equal.} (9... Nd5 10. Nxc6 bxc6 11. Bd2 Qb6 12. Ne5 Qc7 13. Nc4 Be7 14. Bd3 Ba6 15. Qg4 {½-½ (55) Wang,H (2717)-Laznicka,V (2666) Ho Chi Minh City 2016}) 10. Nxc6 (10. Qd2 {is interesting.} Nd5 11. Nb5 Qb8 12. Bd3 Be7 13. O-O) 10... bxc6 11. Bd3 $146 ({Predecessor:} 11. Bd4 Be7 12. Bd3 O-O 13. Qe2 a5 14. O-O c5 15. Be5 {0-1 (32) Boricsev,O (2299)-Alexikov,A (2402) Alushta 2006}) 11... Bd6 12. Qc2 Nd5 13. Bd2 Rb8 14. O-O h6 (14... c5 $11 {keeps the balance.}) 15. c4 $16 Nb4 16. Bxb4 $1 Bxb4 17. c5 $1 Ba5 18. a3 Qf4 19. Be4 Bd7 $2 (19... O-O 20. Bxc6 Ba6) 20. g3 $18 Qf6 21. b4 {[%cal Bb2b4,Bb4b5][%mdl 32]} Bc7 22. Rad1 e5 23. Qa4 a5 $2 {[#]} (23... Rc8 24. Rfe1 (24. Qxa7 Bg4 $16) 24... Bb8) 24. Rxd7 $1 {[%mdl 512]} Kxd7 {[#]} 25. Bxc6+ $1 {[%mdl 512]} Ke7 ({Not} 25... Qxc6 $2 26. Rd1+ Kc8 27. Qxc6) 26. b5 Rhc8 27. Qe4 {Strongly threatening b6.} Qg6 {White must now prevent ...Qxe4.} 28. Qe3 {[%mdl 1024] White has strong compensation.} Qe6 29. Re1 f6 $2 {[#]} (29... Kf8 {was necessary.} 30. Qe4 (30. Nxe5 Bxe5 31. Qxe5 Qxe5 $16) 30... f5) 30. Nd4 $1 {[%mdl 512]} Qc4 (30... exd4 31. Qxe6+) 31. Nf5+ Kf8 32. Rc1 Qe6 33. Qe4 g6 {[#]} 34. Nd4 $1 {[%mdl 512]} Qf7 (34... Qe7 {was called for.} 35. Re1 Qf7) (34... exd4 35. Qxe6) 35. Bd5 f5 36. Qf3 Qd7 (36... e4 $142) 37. Ne6+ Ke7 38. Nxc7 $2 (38. Bc4 {Rd1 is the strong threat.} Qd2 39. Rd1) 38... Rxc7 39. a4 $2 (39. c6 $18 Qd6 40. Qb3) 39... Rd8 $11 40. Bb3 Qd3 41. Bd1 Qd2 42. Qe3 Qxe3 43. fxe3 $15 {[%mdl 4096] Endgame KRR-KRB} Rd2 (43... Rcd7 $1 $17 {[%cal Rd7d1]} 44. Be2 Rd2) 44. Kf1 (44. Bb3 $11) 44... Rb2 $17 ({Of course not} 44... Rxh2 $6 45. b6 $11) 45. Be2 e4 ({Black should play} 45... Rc8 $17 46. Ke1 Rb4) 46. c6 (46. h4 $11) 46... Kd6 47. Rd1+ Kc5 48. Rd8 Ra2 $1 49. Rd4 g5 50. h3 {[#]} Kb6 (50... Re7 $1 $19 51. Bh5 Kb6) 51. Ke1 $2 {[#]} (51. g4 $15) 51... Rg7 (51... Re7 $1 $19 {has better winning chances.} 52. Kf1 Rf7) 52. g4 fxg4 (52... Ra1+ $15 53. Bd1 Ra3 54. gxf5 Rxe3+ 55. Kd2 Rxh3 56. Rxe4 Rg8) 53. hxg4 $11 Re7 54. Bd1 Rb2 55. Rd8 Rf7 {aiming for ...Rff2.} 56. Rb8+ $1 Ka7 57. Re8 Rb4 58. Re6 Kb6 59. c7+ $2 {[%mdl 8192]} (59. Re8 $11 {and White stays safe.}) 59... Kxc7 $19 60. Ra6 {Threatens to win with Ra7+.} Rd7 61. Rxa5 $2 (61. Bc2) 61... Kb7 62. Bc2 Rc4 63. Bb3 Rc3 (63... Rc1+ $142 64. Ke2 Rd3 65. Bg8 Rcd1 66. Kf2 R3d2+ 67. Kg3 Rg1+ 68. Kh3 Re1 69. Bd5+ Rxd5 70. Ra6 Rd2 71. Ra7+ Kxa7 72. b6+ Kb7 73. Kg3 Rxe3#) 64. Be6 Rxe3+ 65. Kf2 Rf3+ 66. Ke2 Rd4 67. Ra6 Ra3 68. a5 Rb4 69. Bd5+ Kc7 70. Rc6+ Kd8 71. Rd6+ Ke7 {( -> ...Rb2+)} 72. Re6+ Kd7 {Black mates.} 73. Rxe4 Rb2+ 74. Kf1 Ra1+ 75. Re1 Rxe1+ 76. Kxe1 Rxb5 {Precision: White = 48%, Black = 51%.} 0-1

[Event "93rd ARG-ch 2018"]
[Site "Laprida"]
[Date "2018.07.20"]
[Round "4"]
[White "Paveto, Kevin"]
[Black "Pichot, Alan"]
[Result "1/2-1/2"]
[WhiteElo "2416"]
[BlackElo "2564"]
[Annotator "TA"]
[PlyCount "70"]
[EventDate "2018.07.17"]
[EventType "tourn"]
[EventCountry "ARG"]
[SourceTitle "playchess.com"]
[Source "ChessBase"]
[SourceQuality "1"]

{[%evp 16,70,12,9,8,0,16,26,66,77,116,111,97,119,127,118,125,119,117,119,155,155,141,147,155,153,150,150,157,119,116,61,64,66,75,57,150,67,68,0,0,0,0,0,0,0,0,0,0,0,0,0,0,0,0,0,0]} 1. e4 e5 2. Nf3 Nc6 3. Bc4 Bc5 4. c3 Nf6 5. d3 a5 6. a4 {C54: Italienische Partie (Hauptvariante)} d6 7. O-O h6 8. Re1 O-O 9. Nbd2 {LiveBook: 11 Partien} (9. h3 Be6 10. Nbd2 Bxc4 11. Nxc4 Re8 {½-½ (40) Kovalenko,I (2632)-Malakhov,V (2685) Asnieres sur Seine 2018}) 9... Ng4 10. Re2 Kh8 $146 ({Vorgänger:} 10... Bd7 11. Nf1 Ne7 12. Ng3 c6 13. d4 exd4 14. cxd4 {1-0 (45) Ljikar,T (1877)-Vidmar,K (1298) Topusko 2014}) 11. h3 f5 12. d4 exd4 {Und weiter mit ...Sxf2! wäre nett.} 13. hxg4 fxg4 {zielt auf ...dxc3 ab.} 14. Nxd4 g3 {[#]} 15. Nf1 $1 {[%cal Rf1g3]} (15. fxg3 $6 Nxd4 16. cxd4 Bxd4+ 17. Kh1 Qg5 $11) 15... gxf2+ 16. Rxf2 Rxf2 17. Kxf2 Nxd4 18. cxd4 Qf6+ 19. Kg1 Bxd4+ 20. Be3 Bxb2 21. Ra2 Bd7 22. Qb3 Bd4 23. Rf2 (23. Qxb7 $16 Rf8 24. Qd5 (24. Qxc7 Be6 $14) 24... Bxe3+ 25. Nxe3) 23... Bxe3 $14 24. Qxe3 Qe5 $1 25. Rf7 Bc6 (25... Bxa4 $14 26. Qf2 (26. Rxc7 Bc6 $11) 26... Bc6) 26. Qf2 ({Natürlich nicht} 26. Rxc7 $6 d5 $14) (26. Ng3 $16) 26... Bxe4 27. Rf8+ ({Lieber} 27. Qg3 $14) 27... Rxf8 $11 {Die Stellung ist ausgeglichen.} 28. Qxf8+ Kh7 {[#] Droht stark ...Dd4+.} 29. Bg8+ Kg6 30. Bf7+ Kg5 31. Qd8+ Kf5 {Schwarz will ...Ld3 spielen.} 32. Qxc7 Bc6 33. Bb3 Qd4+ 34. Kh2 Qh4+ 35. Kg1 Qd4+ {Precision: Weiß = 69%, Schwarz = 60%.} 1/2-1/2